|
|
|
|
| LEADER |
00910ncm a22002532a 4500 |
| 001 |
000973469 |
| 003 |
CZ BrMZK |
| 005 |
20100225133404.0 |
| 007 |
qu |
| 008 |
091026s1966 xr |||||||||||||||||cze d |
| 040 |
|
|
|a BOA001
|b cze
|
| 072 |
|
7 |
|a 784
|x Vokální hudba
|2 Konspekt
|9 9
|
| 100 |
1 |
|
|a Nikodem, Bedřich,
|d 1909-1970
|7 jk01090195
|4 arr
|
| 245 |
1 |
0 |
|a Písně divadla Rokoko ze hry Čekání na slávu
|h [hudebnina] /
|c upravil Bedřich Nikodem
|
| 246 |
3 |
|
|a Čekání na slávu
|
| 250 |
|
|
|a 1. vyd.
|
| 260 |
|
|
|a Praha :
|b Státní hudební vydavatelství,
|c 1966
|
| 300 |
|
|
|a 15 s.
|
| 910 |
|
|
|a BOA001
|b Mus1-0551.459-66
|b Mus1-0560.292
|
| 920 |
|
|
|a 000974581
|
| 990 |
|
|
|a MU
|
| 991 |
|
|
|b 200910
|
| 996 |
7 |
|
|b 2619448743
|c Mus1-0560.292
|l MZK
|r Sklad / do 1 hodiny
|n 0
|w 000973469
|u 000020
|a 1
|e BOA001
|j MZK50
|s A
|
| 996 |
7 |
|
|b 2619448783
|c Mus1-0551.459-66
|l MZK
|r Sklad / do 1 hodiny
|n 0
|w 000973469
|u 000010
|a 1
|e BOA001
|j MZK50
|s A
|